| 000 | 00000nas 2200000za 4500 |
| 001 | 9.818254 |
| 003 | CaOODSP |
| 005 | 20221107142655 |
| 007 | cr ||||||||||| |
| 008 | 160525d19481962oncar p oss f000#b0fre|d |
| 022 | |y0837-9610 |
| 040 | |aCaOODSP|bfre |
| 041 | |aeng|afre |
| 043 | |an-cn--- |
| 086 | 1 |aCS81-402-PDF |
| 086 | 1 |aCS81-518-PDF |
| 086 | 1 |aCS81-211-PDF |
| 245 | 00|aSurvey of higher education |h[ressource électronique]. |
| 246 | 13|aRelevé de l'enseignement supérieur|f1952/54-1961/62 |
| 260 | |aOttawa : |bBureau fédéral de la statistique, Section de l'enseignement supérieur, |c1950-1964. |
| 310 | |aAnnuel,|b1961/62 |
| 321 | |aBiennal,|b1946/48-1952/54 |
| 321 | |aIrrégulier,|b1954/1961 |
| 362 | 0 |a1946/48-1961/62. |
| 500 | |aÉdition numérisée de l’imprimé [par Statistique Canada]. |
| 546 | |aTexte en anglais seulement, 1946/48-1950/52; texte en anglais et français, 1952/54-1961/62. |
| 580 | |aUne partie de Survey of higher education fusionné avec : Fall enrolment in universities and colleges (1956), et devient: Survey of higher education. Part I, Fall enrolment in universities and colleges. |
| 580 | |aUne partie de Survey of higher education fusionné avec : Institutions of higher education in Canada, et devient: List of institutions of higher education in Canada, 1953/54. |
| 580 | |aUne partie de Survey of higher education fusionné avec : une partie de Preliminary statistics of education; une partie de Survey of elementary and secondary education; et une partie de Relevé de l'enseignement élémentaire et de l'enseignement secondaire, et devient: Survey of education finance, 1954/56. |
| 580 | |aUne partie de Survey of higher education est suivi de: Survey of higher education. Part II, Degrees, staff and summary. |
| 692 | 07|2gccst|aEnseignement postsecondaire |
| 710 | 1 |aCanada.|bBureau fédéral de la statistique.|bSection de l'enseignement supérieur. |
| 780 | 00|tHigher education in Canada |w(CaOODSP)9.818244 |
| 780 | 00|tRelevé de l'enseignement supérieur |w(CaOODSP)9.818250 |
| 785 | 00|tSurvey of higher education. |w(CaOODSP)9.811815 |
| 785 | 00|tSurvey of higher education. |w(CaOODSP)9.812053 |
| 785 | 00|tSurvey of education finance |w(CaOODSP)9.812495 |
| 785 | 00|tRépertoire des institutions d'enseignement supérieur au Canada |w(CaOODSP)9.820869 |
| 791 | |tSurvey of higher education |eeng|w(CaOODSP)9.818252 |